000 00310nam a2200145Ia 4500
100 _aMurphy James
942 _cBK
654 _ametals
245 _aSurface preparation and finishes for Metals
260 _bMcGraw Hill
_c1971
082 _a671.7
_bMUR
300 _a485
546 _aENGLISH
999 _c32855
_d32855